| 000 | 00843nas a2200277 4500 | ||
|---|---|---|---|
| 001 | BR2012008121 | ||
| 003 | BR-BrBNA | ||
| 005 | 20231205121354.0 | ||
| 007 | ta | ||
| 008 | 230509b bl.|||p| |||| 00| 00por d | ||
| 040 |
_aBR-BrBNA _bpor _cBiblioteca Nacional de Agricultura |
||
| 041 | _a(Pt) | ||
| 072 | _aF70 | ||
| 100 | 1 | _aRosini, E.F. | |
| 100 | 1 | _aSant`Anna, C.L. | |
| 100 | 1 | _aTucci, A. | |
| 245 | 1 | _aChlorococcales (exceto Scenedesmaceae)de pesqueiros da Região Metropolitana de São Paulo, SP, Brasil: levantamento florístico | |
| 650 | _aALGA | ||
| 650 | _aFITOPLÂNCTON | ||
| 650 | _aBIODIVERSIDADE | ||
| 650 | _aLEVANTAMENTO | ||
| 650 | _aTAXONOMIA | ||
| 773 | 0 |
_tHoehnea (Brazil) _xISSN 0073-2877 _g(Mar 2012), v. 39(1) p. 11-38 _wBR2012008121 |
|
| 909 |
_a202311 _bLúcia _c55 _dLúcia Elande |
||
| 942 |
_2AGRIS _n0 _cANA |
||
| 999 |
_c223223 _d223223 |
||